Die französische Gesetzgebung zur inneren Sicherheit im Lichte der Loi Pasqua = French security politics and legislation with special regard to the so called Loi Pasqua

In der Entwicklungsgeschichte französischer Sicherheitspolitik und -praxis zeichnen sich deutlich zwei gegenläufige Trends ab. Diese Gegenläufigkeit ist im Antagonismus republikanisches vs. liberalistisches Sicherheitsmodell auf den Begriff gebracht. Das republikanische Sicherheitsmodell steht für Z...

Descripción completa

Guardado en:  
Detalles Bibliográficos
Autor principal: Gilly, Thomas (Autor)
Tipo de documento: Print Artículo
Lenguaje:Alemán
Inglés
Publicado: 1997
En: Kriminologisches Journal
Año: 1997, Volumen: 29, Número: 3, Páginas: 186-210
Verificar disponibilidad: HBZ Gateway
Palabras clave:

MARC

LEADER 00000caa a2200000 c 4500
001 1662264887
003 DE-627
005 20260121162632.0
007 tu
008 071204s1997 xx ||||| 00| ||ger c
035 |a (DE-627)1662264887 
035 |a (DE-576)27475990X 
035 |a (DE-599)BSZ27475990X 
040 |a DE-627  |b ger  |c DE-627  |e rda 
041 |a ger  |a eng 
100 1 |a Gilly, Thomas  |e VerfasserIn  |0 (DE-588)1044624760  |0 (DE-627)772259666  |0 (DE-576)175937591  |4 aut 
109 |a Gilly, Thomas  |a Gilly, Thomas Albert 
245 1 4 |a Die französische Gesetzgebung zur inneren Sicherheit im Lichte der Loi Pasqua  |b  = French security politics and legislation with special regard to the so called Loi Pasqua  |c Thomas Gilly 
246 3 1 |a French security politics and legislation with special regard to the so called Loi Pasqua 
264 1 |c 1997 
336 |a Text  |b txt  |2 rdacontent 
337 |a ohne Hilfsmittel zu benutzen  |b n  |2 rdamedia 
338 |a Band  |b nc  |2 rdacarrier 
500 |a Literaturverzeichnis: Seite 207-210 
520 |a In der Entwicklungsgeschichte französischer Sicherheitspolitik und -praxis zeichnen sich deutlich zwei gegenläufige Trends ab. Diese Gegenläufigkeit ist im Antagonismus republikanisches vs. liberalistisches Sicherheitsmodell auf den Begriff gebracht. Das republikanische Sicherheitsmodell steht für Zentralismus, Repression und Ordnungspolizei, sowie traditionelles, am Schuldprinzip orientiertes Strafrecht. Das liberalistische Sicherheitsmodell steht für Dezentralisation, Prävention und Sicherheitspolizei, sowie postmodernes, am Risikobegriff orientiertes Strafrecht. Im pasquaschen Rahmengesetz zur inneren Sicherheit (loi d'orientation et de programmation rel. a la securite) ist die Kontradiktion beider Modelle gleichsam dialektisch aufgehoben. Das Gesetz ist nicht nur Spiegelbild der gesamten sicherheitspolitischen Entwicklungsgeschichte Frankreichs, sondern auch beispielhafte Darstellung dessen, was die typisch französische Variante des mit dem Rüstzeug der Postmoderne aufbereiteten Rechtspositivismus des 19. Jahrhunderts ist. 
520 |a The history of French security-politics and practice reveals the contradiction of two mainstreams. On the one hand there is the trend of the so called republican security model, on the other hand we have the trend of the liberal security model. The republican model means centralism, repression and order-policing as well as traditional criminal law based on the principles of guilt and penal responsability. The liberal model has to be associated with decentralism, prevention and security policing as well as postmodern criminal law based on the principles of risk and negligence. The Pasqua law of security-program and organization of 21.Jan.1995 surmounts in a special dialectical way the contradiction between these two models. The so called „loi d'orientation et de programmation relative a Ja securite" is the mirror in which France reflects its whole history of security politics. But it is also an exemplary illustration of what may be considered as the very French variant of postmodern styled nineteenth-century-law-positivism. 
773 0 8 |i Enthalten in  |t Kriminologisches Journal  |d Weinheim : Beltz Juventa, 1969  |g 29(1997), 3, Seite 186-210  |w (DE-627)130092207  |w (DE-600)500591-7  |w (DE-576)018208223  |x 0341-1966  |7 nnas 
773 1 8 |g volume:29  |g year:1997  |g number:3  |g pages:186-210 
935 |a mkri 
951 |a AR 
ELC |b 1 
LOK |0 000 xxxxxcx a22 zn 4500 
LOK |0 001 3416109422 
LOK |0 003 DE-627 
LOK |0 004 1662264887 
LOK |0 005 20250815124848 
LOK |0 008 160208||||||||||||||||ger||||||| 
LOK |0 040   |a DE-21-110  |c DE-627  |d DE-21-110 
LOK |0 689   |a s  |a Kriminalpolitik 
LOK |0 689   |a g  |a Frankreich 
LOK |0 852   |a DE-21-110 
LOK |0 852 1  |m p  |9 00 
LOK |0 935   |a k110 
LOK |0 938   |k p 
LOK |0 939   |a 08-02-16  |b l01 
ORI |a SA-MARC-krimdoka001.raw